Toronto Landmarks Picture Quiz - Statistics

General Stats
  • This quiz has been taken 182 times
  • The average score is 7 of 16
Answer Stats
Picture Answer % Correct
CN Tower
98%
Royal Ontario Museum
63%
Union Station
59%
Casa Loma
57%
Eaton Centre
55%
St. Lawrence Market
42%
Distillery District
41%
Art Gallery of Ontario
38%
Queen's Park
38%
Old City Hall
30%
OCAD
29%
Roy Thompson Hall
29%
Robarts Library
23%
Scotiabank Arena
22%
Evergreen Brickworks
19%
Kensington Market Garden Car
6%
No matching quizzes found
Score Distribution
Percent of People with Each Score
Percentile by Number Answered
Your Score History
You have not taken this quiz